000 00369nam a2200145Ia 4500
008 230917s9999||||xx |||||||||||||| ||und||
040 _e27530
_aMAIN
041 _aEnglish
082 _a658.8
100 _aKotler, Philip
245 0 _aMarketing management: An Assian perspective
260 _aSingapore
_bPrentice Hall
_c1996
300 _axviii,1055 p.
942 _cBK
999 _c97843
_d97843